El interš del menor

Detalles Bibliográficos
Autor principal: Rivero Hernǹdez, Francisco
Formato: Desconocido
Lenguaje:español
Publicado: Madrid : Dykinson, 2007
Edición:2® ed
Materias:
Acceso en línea:Acceso restringido

MARC

LEADER 00000ny a22000003n 4500
005 20110620150014.0
008 070530s2007 sp s 001 0 spa d
017 |a D.L. M.1616-2007 
020 |a 9788498490145 
035 |a 1613 
040 |a UGR  |d vlex 
040 |a UMA.DER  |d vlex 
080 |a 364.65 
090 |c 1363  |d 1363 
100 1 |a Rivero Hernǹdez, Francisco 
245 1 3 |a El interš del menor  |h [Recurso electrn̤ico]  |c Francisco Rivero Hernǹdez 
250 |a 2® ed 
256 |a Servicio en ln̕ea 
260 |a Madrid :  |b Dykinson,  |c 2007 
300 |a 329 p. ;  |c 22 cm 
504 |a Incluye bibliografa̕ 
506 1 |a Contenido solo disponible en los productos indicados  |d vLex Global  |d vLex Global (Academic Edition, excluding Law Schools)  |d vLex Global (U.S. Academic Edition, Law Schools)  |d vLex Global (U.S. Academic Edition, excluding Law Schools)  |d vLex Global (Academic Edition, Law Schools) 
650 0 7 |a Menores  |2 Tesauro vLex 
650 0 7 |a Civil  |2 Tesauro vLex 
650 0 7 |a Menores de edad  |2 Tesauro vLex 
740 0 |a vLex Libros (Servicios en ln̕ea) 
856 4 0 |u http://vlex.com/source/1613  |z Acceso restringido 
942 |c BOOK